|
|
|
|
| LEADER |
00000nam2a2200000 4500 |
| 001 |
156508 |
| 005 |
20231031153221.0 |
| 035 |
|
|
|a (RuTPU)RU\TPU\book\169749
|
| 090 |
|
|
|a 156508
|
| 100 |
|
|
|a 20090328d1939 m y0rusy50 ca
|
| 101 |
0 |
|
|a rus
|
| 102 |
|
|
|a AZ
|
| 105 |
|
|
|a a z 000zy
|
| 200 |
0 |
|
|a Ч. 2: Эксплуатация нефтяных скважин
|
| 210 |
|
|
|d 1939
|
| 215 |
|
|
|a 284 с.
|c ил.
|
| 318 |
|
|
|5 63413507
|a Обязательный экземпляр изданий по геологии первой половины XX века
|b выставка
|
| 461 |
|
1 |
|0 (RuTPU)RU\TPU\book\174045
|t Добыча нефти
|o учебник
|f А. И. Жуков, К. П. Пастухов
|v Ч. 2: Эксплуатация нефтяных скважин
|d 1939
|
| 610 |
1 |
|
|a добыча
|
| 610 |
1 |
|
|a нефть
|
| 610 |
1 |
|
|a эксплуатация
|
| 610 |
1 |
|
|a нефтяные скважины
|
| 610 |
1 |
|
|a учебники
|
| 610 |
1 |
|
|a сбор
|
| 610 |
1 |
|
|a хранение
|
| 610 |
1 |
|
|a перекачка
|
| 675 |
|
|
|a 622.323
|v 3
|
| 801 |
|
1 |
|a RU
|b 63413507
|c 20090328
|g PSBO
|
| 801 |
|
2 |
|a RU
|b 63413507
|c 20130328
|g PSBO
|
| 942 |
|
|
|c BK
|